000
00322 a2200121 4500
000
nam a22 7a 4500
005
20260210155837.0
020
_a
9788119230310 (hbk)
100
_a
Shafi, Mohammad Iftikhar
_9
1114893
245
_a
Filisteen ki muntakhab kahaniya
260
_b
Matterlink Publishers
_c
2024
942
_c
TB
999
_c
1679127
_d
1679127